000 00557nam a22002297a 4500
003 UA-OsUOA
001 111697
007 ta
008 20150602b un ||||| |||| 00| 0 ukr d
100 _aЛуканин Р. К.
090 _a130.1
_bЛ84
942 _cBK
040 _aUA-OsUOA
_brus
_cUA-OsUOA
_dUA-OsUOA
245 _a"Органон" Аристотеля
300 _a304 с.
955 _a1
041 _arus
080 _a130.1
260 _aМ.
_bНаука
_c1984
650 7 _a1 Філософські науки
_2UDC
999 _c397699
_d397699